000 01160nam a2200253 i 4500
001 169827
003 ES-MaACL
005 20250503123254.0
008 081203s1886 sp |||| | spa d
080 _a94(460)"1516/1700"
100 1 _aPedregal Cañedo, Manuel,
_d1831-1896
_9130930
245 1 0 _aPostrimerías de la Casa de Austria en España
_b: conferencias pronunciadas en el Ateneo de Madrid /
_cpor Manuel Pedregal y Cañedo.
260 _aMadrid :
_b[s.n.],
_c1886 (
_fImp. de Fortanet)
300 _a166 p. ;
_c16 cm.
530 _aDisponible en formato digital.
594 _aContiene las tres conferencias pronunciadas por el autor en el Ateneo de Madrid, en abril de 1884.
610 2 7 _aAteneo de Madrid-
_vConferencias-
_yS.XIX.
_91910
651 4 _aEspaña-
_xHistoria-
_y1516-1700, Casa de Austria
_98228
852 _aES-MaACL
_j2239-F-16
_cDEPOF
_zRevisado enlace: 03 de Myo de 2025
852 _aES-MaACL
_jT-405-F-5
_z Donación del autor
_cDEPOF
856 _uhttps://bibliotecavirtual.asturias.es/i18n/consulta/registro.cmd?id=3604
_yBiblioteca Virtual del Principado de Asturias
942 _2udc
999 _c169827
_d169827